000 00347nam a22001337a 4500
020 _a9788120337657
082 _222
_a658.4038
100 _aKelkar, S.A
245 _aManagement information systems:
_bA concise study /
250 _a2nd
260 _aNew Delhi,
_bPrentice Hall,
_cc2012.
300 _axiii, 302p. ;
_bill. ;
_c23 cm.
942 _2ddc
_cMAG
999 _c824
_d824